Learning Resource and Development

Life in the Philippines : (Record no. 12647)

MARC details
000 -LEADER
fixed length control field 00967nam a22002897a 4500
005 - DATE AND TIME OF LATEST TRANSACTION
control field 20230512223930.0
008 - FIXED-LENGTH DATA ELEMENTS--GENERAL INFORMATION
fixed length control field 221006t xxu||||| |||| 00| 0 eng d
020 ## - INTERNATIONAL STANDARD BOOK NUMBER
International Standard Book Number 9789715428118
040 ## - CATALOGING SOURCE
Transcribing agency CSPC
050 0# - LIBRARY OF CONGRESS CALL NUMBER
Classification number GT90
082 0# - DEWEY DECIMAL CLASSIFICATION NUMBER
Classification number 305.89921
Item number M897l
100 ## - MAIN ENTRY--PERSONAL NAME
Personal name Mulder, Niels,
Relator term author.
245 00 - TITLE STATEMENT
Title Life in the Philippines :
Remainder of title contextual essays on Flipino being /
Statement of responsibility, etc. Niels Mulder.
260 ## - PUBLICATION, DISTRIBUTION, ETC.
Place of publication, distribution, etc. Diliman, Quezon City :
Name of publisher, distributor, etc. University of the Philippines Press,
Date of publication, distribution, etc. 2016.
300 ## - PHYSICAL DESCRIPTION
Extent xxxiv, 279 pages :
Dimensions 23 cm.
336 ## - CONTENT TYPE
Source rdacontent
Content type term text
337 ## - MEDIA TYPE
Source rdamedia
Media type term unmediated
338 ## - CARRIER TYPE
Source rdacarrier
Carrier type term volume
500 ## - GENERAL NOTE
General note Includes index.
650 10 - SUBJECT ADDED ENTRY--TOPICAL TERM
Topical term or geographic name entry element Filipinos
Geographic subdivision Philippines
General subdivision Social life and customs.
650 10 - SUBJECT ADDED ENTRY--TOPICAL TERM
Topical term or geographic name entry element Philippines essay (English).
650 10 - SUBJECT ADDED ENTRY--TOPICAL TERM
Topical term or geographic name entry element Families
Geographic subdivision Philippines
General subdivision Religious aspects.
940 ## - EQUIVALENCE OR CROSS-REFERENCE--UNIFORM TITLE [OBSOLETE] [CAN/MARC only]
Uniform title <a href="jenn">jenn</a>
942 ## - ADDED ENTRY ELEMENTS (KOHA)
Koha item type
-- FIL 305.89921 M897l 2016
Holdings
Withdrawn status Lost status Damaged status Not for loan Home library Current library Shelving location Date acquired Total Checkouts Full call number Barcode Date last seen Copy number Price effective from Koha item type
        Main Library Main Library Filipiniana Section 05/12/2023   FIL 305.89921 M897l 2016 024782 05/12/2023 1-1 05/12/2023 Books